El emperador Tertuliano y la legión de los superlimpios /
Збережено в:
| Автор: | |
|---|---|
| Формат: | Книга |
| Мова: | Spanish |
| Опубліковано: |
San José, Costa Rica:
Editorial Costa Rica,
2012.
|
| Редагування: | 1. edición |
| Предмети: | |
| Теги: |
Додати тег
Немає тегів, Будьте першим, хто поставить тег для цього запису!
|
MARC
| LEADER | 00000nam a22000007a 4500 | ||
|---|---|---|---|
| 008 | 141125s2012 cr |r|||| 000 f spa d | ||
| 020 | |a 9977301835 | ||
| 040 | |a CRU CIICLA | ||
| 082 | |a CR863.4 |b A6963e | ||
| 100 | 1 | |a Arias Formoso, Rodolfo |c 1956- | |
| 245 | 1 | 3 | |a El emperador Tertuliano y la legión de los superlimpios / |c Rodolfo Arias |
| 250 | |a 1. edición | ||
| 260 | |a San José, Costa Rica: |b Editorial Costa Rica, |c 2012. | ||
| 300 | |a 142 páginas | ||
| 650 | 7 | |9 76 |a LITERATURA COSTARRICENSE |v NOVELA | |
| 942 | |2 ddc |c BK | ||
| 999 | |c 3606 |d 3606 | ||
